Las chicas del taller (Record no. 94740)

MARC details
000 -LEADER
campo de control de longitud fija 00631nam a2200181 i 4500
001 - NÚMERO DE CONTROL
campo de control 94740
003 - IDENTIFICADOR DE NÚMERO DE CONTROL
campo de control ES-MaACL
005 - FECHA Y HORA DE LA ÚLTIMA TRANSACCIÓN
campo de control 20230906181538.0
007 - CAMPO FIJO DE DESCRIPCIÓN FÍSICA--INFORMACIÓN GENERAL
campo de control de longitud fija t|
008 - DATOS DE LONGITUD FIJA--INFORMACIÓN GENERAL
campo de control de longitud fija 050513s1963 sp ||||1| spa d
100 1# - ENTRADA PRINCIPAL--NOMBRE DE PERSONA
Nombre de persona Luca de Tena, Juan Ignacio,
Fechas asociadas al nombre 1897-1975
9 (RLIN) 74513
245 14 - MENCIÓN DEL TÍTULO
Título Las chicas del taller
Resto del título : adaptación teatral en dos actos de una novela de Mercedes Ballesteros /
Mención de responsabilidad, etc. Juán Ignacio Luca de Tena.
260 ## - PUBLICACIÓN, DISTRIBUCIÓN, ETC.
Lugar de publicación, distribución, etc. Madrid :
Nombre del editor, distribuidor, etc. Prensa Española,
Fecha de publicación, distribución, etc. 1963.
300 ## - DESCRIPCIÓN FÍSICA
Extensión 197 p. ;
Dimensiones 22 cm.
700 1# - ENTRADA AGREGADA--NOMBRE PERSONAL
Nombre de persona Ballesteros Gaibrois, Mercedes,
Fechas asociadas al nombre 1913-1995
9 (RLIN) 25057
852 ## - LOCALIZACIÓN
Ubicación ES-MaACL
Número de control de estantería C-23529
Sublocalización o colección R.52170
Holdings
Estatus retirado Estado de pérdida Estado de daño No para préstamo Biblioteca de origen Biblioteca actual Ubicación en estantería Fecha de adquisición Fuente de adquisición Total de préstamos Signatura topográfica completa Código de barras Visto por última vez Precio de reemplazo Tipo de ítem Koha
        Biblioteca del Ateneo de Madrid Biblioteca del Ateneo de Madrid Depósito 2 17/01/2008     C-23529 1098943 23/02/2023 23/02/2023 Libro impreso